Genshin non-human Sudden Death - Statistics

General Stats
  • This quiz has been taken 2,321 times
    2,066 since last reset
  • The average score is 8 of 35
Answers on the Grid
Answers color-coded by a green-red scale on the quiz's grid according to % correct below.
Iansan
Varesa
Mualani
Ororon
Kinich
Kachina
Citlali
Mavuika
Furina
Neuvillette
Wriothesley
Chlorinde
Sigewinne
Navia
Chevreuse
Charlotte
Chiori
Lyney
Lynette
Freminet
Arlecchino
Nahida
Cyno
Dehya
Candace
Collei
Tighnari
Alhaitham
Kaveh
Layla
Faruzan
Yumemizuki Mizuki
Shikanoin Heizou
Sangonomiya Kokomi
Yae Miko
Raiden Ei
Kuki Shinobu
Arataki Itto
Kamisato Ayaka
Kamisato Ayato
Kujou Sara
Zhongli
Lan Yan
Yun Jin
Hu Tao
Qiqi
Baizhu
Xianyun
Xinyan
Gorou
Ganyu
Shenhe
Yanfei
Gaming
Kaedehara Kazuha
Tartaglia
Xiao
Keqing
Ningguang
Xiangling
Xingqiu
Chongyun
Beidou
Venti
Mona
Diona
Mika
Jean
Lisa
Kaeya
Amber
Rosaria
Barbara
Diluc
Fischl
Sucrose
Bennett
Albedo
Lumine
Aether
Kirara
Xilonen
Aloy
Nilou
Scaramouche
Razor
Yao²
Emilie
Eula
Klee
Thoma
Dori
Sethos
Noelle
Sayu
Chasca
 
Answer Stats
Answer % Correct
Cow/Bull Varesa
56%
Dragon Sovereign Neuvillette
48%
Melusine Sigewinne
42%
Has elf ears Iansan
30%
Half human half Pika Kachina
30%
Branch of Iriminsul Nahida
30%
Has ears similar to an Iktomisaurus, likely half human half bat Ororon
27%
Some sort of manifestation of lightning Raiden Ei
27%
Kitsune Yokai Yae Miko
27%
Tighnarian Tighnari
26%
Zombie Qiqi
25%
Yumekui-Baku Yokai Yumemizuki Mizuki
25%
Oni Yokai Arataki Itto
23%
Yaksha Xiao
23%
Likely an adeptus Zhongli
23%
Some form of long-living humanoid Citlali
22%
Half Qilin/Adeptus half human Ganyu
22%
Puppet created by Raiden Ei Scaramouche
22%
Half cat (as seen by the ears and tail) Lynette
21%
Wind Wisp Venti
20%
Humonculus created by Rhinedottir out of chalk Albedo
19%
Adeptus Xianyun
17%
Half unnamed adeptus half human Yanfei
17%
Half dog half human Gorou
16%
Nekomata Yokai Kirara
16%
Tengu Yokai Kujou Sara
15%
Half human half cat Diona
13%
Elf Klee
12%
Some sort of star Aether
11%
Some sort of star Lumine
11%
Half ocelot (despite having a leopard tail, her sprint form is an ocelot and her constellation name also says this) half human Xilonen
11%
Half cat (as seen by the eyes+brother to Lynette) Lyney
10%
Half human half unnamed species, likely a dog Sucrose
9%
Presumably elf Layla
8%
Elf ears Chasca
5%
No matching quizzes found
Score Distribution
Percent of People with Each Score
Percentile by Number Answered
Your Score History
You have not taken this quiz since the last reset